[Event "Montreal op"]
[Site "Montreal CAN"]
[Date "2011.09.11"]
[Round "5.10"]
[White "Bergeron, Pascal"]
[Black "Papineau (Granby), Daniel"]
[Result "0-1"]
[WhiteElo "2138"]
[BlackElo "2078"]
[PlyCount "78"]
[GameId "2160767909648453"]
[EventDate "2011.09.09"]
[EventType "swiss"]
[EventRounds "5"]
[EventCountry "CAN"]

1. d4 d5 2. Nf3 Nf6 3. c4 e6 4. g3 Bb4+ 5. Nbd2 O-O 6. Bg2 b6 7. O-O Bb7 8. a3 Be7 9. b4 Qc8 10. Bb2 Rd8 11. Rc1 a5 12. Qb3 axb4 13. axb4 Ne4 14. b5 Nd7 15. Rc2 Nxd2 16. Nxd2 dxc4 17. Nxc4 Bxg2 18. Kxg2 Qb7+ 19. f3 Bf6 20. e4 h5 21. Rfc1 Ra7 22. Qe3 Nf8 23. Nd2 Rd7 24. Nb3 Ra4 25. Rc6 Rb4 26. Qc3 Rxb5 27. Qc4 Rxb3 28. Qxb3 Bxd4 29. Bxd4 Rxd4 30. Qc3 e5 31. Rxc7 Qa6 32. Rc4 Ne6 33. Rc2 Kh7 34. Kf2 b5 35. Rb4 Qb6 36. Kg2 Rd1 37. Rf2 Nd4 38. f4 Rg1+ 39. Kh3 Qg6 0-1

[Event "Montreal op"]
[Site "Montreal CAN"]
[Date "2011.09.11"]
[Round "5.11"]
[White "Le Duin, Thierry"]
[Black "Poirier, Erik"]
[Result "1-0"]
[WhiteElo "2079"]
[BlackElo "2029"]
[PlyCount "88"]
[GameId "2160767909648454"]
[EventDate "2011.09.09"]
[EventType "swiss"]
[EventRounds "5"]
[EventCountry "CAN"]
[SourceTitle "EXT 2022"]
[Source "ChessBase"]
[SourceDate "2021.10.06"]
[SourceVersion "1"]
[SourceVersionDate "2021.10.06"]
[SourceQuality "1"]

1. d4 Nf6 2. Nf3 e6 3. Bg5 b6 4. e3 Be7 5. Nbd2 O-O 6. Bd3 Ba6 7. Qe2 Bxd3 8. Qxd3 c5 9. c3 Nc6 10. h4 d5 11. Ne5 Nxe5 12. dxe5 Nd7 13. f4 c4 14. Qe2 Nc5 15. O-O b5 16. Qg4 Kh8 17. Rf3 f6 18. exf6 gxf6 19. Bh6 Rg8 20. Qh5 Ne4 21. Nxe4 dxe4 22. Rf2 Qe8 23. Qxe8 Raxe8 24. f5 e5 25. Kh2 a5 26. Kh3 Rd8 27. g4 Rd3 28. Re2 Bc5 29. Rg1 b4 30. cxb4 axb4 31. Rg3 c3 32. bxc3 bxc3 33. Rc2 Rc8 34. a4 Bf8 35. Bxf8 Rxf8 36. a5 Ra8 37. g5 fxg5 38. hxg5 Rxa5 39. f6 Ra6 40. Kg4 Rc6 41. Rh3 Rd2 42. Rc1 c2 43. Rch1 c1=Q 44. Rxh7+ Kg8 1-0

[Event "Montreal op"]
[Site "Montreal CAN"]
[Date "2011.09.11"]
[Round "5.12"]
[White "Poulin, Mathieu"]
[Black "Gauthier, Denis"]
[Result "1-0"]
[WhiteElo "2051"]
[BlackElo "2000"]
[PlyCount "67"]
[GameId "2160767909648455"]
[EventDate "2011.09.09"]
[EventType "swiss"]
[EventRounds "5"]
[EventCountry "CAN"]
[SourceTitle "EXT 2022"]
[Source "ChessBase"]
[SourceDate "2021.10.06"]
[SourceVersion "1"]
[SourceVersionDate "2021.10.06"]
[SourceQuality "1"]

1. d4 Nf6 2. c4 e6 3. Nc3 Bb4 4. Qc2 O-O 5. Nf3 b6 6. Bg5 Bb7 7. e3 d6 8. a3 Bxc3+ 9. Qxc3 Nbd7 10. Nd2 c5 11. f3 Re8 12. Bd3 h6 13. Bh4 Rc8 14. Bg3 e5 15. d5 Qe7 16. Bf2 Rb8 17. O-O Nf8 18. Rab1 Rec8 19. e4 Ng6 20. Rfc1 Nf4 21. Bf1 g5 22. b4 Kh7 23. Rb3 Rg8 24. bxc5 dxc5 25. a4 g4 26. a5 gxf3 27. Qxf3 Bc8 28. axb6 axb6 29. Rcb1 Bg4 30. Qe3 Bh3 31. Bg3 h5 32. Bxf4 exf4 33. Qxf4 Nd7 34. Rxh3 1-0

[Event "Montreal op"]
[Site "Montreal CAN"]
[Date "2011.09.11"]
[Round "5.13"]
[White "Zhou, Qiyu"]
[Black "Hajiyev, Elshad"]
[Result "0-1"]
[WhiteElo "1660"]
[BlackElo "2041"]
[PlyCount "134"]
[GameId "2160767909648456"]
[EventDate "2011.09.09"]
[EventType "swiss"]
[EventRounds "5"]
[EventCountry "CAN"]
[SourceTitle "EXT 2022"]
[Source "ChessBase"]
[SourceDate "2021.10.06"]
[SourceVersion "1"]
[SourceVersionDate "2021.10.06"]
[SourceQuality "1"]

1. e4 c5 2. Nf3 Nc6 3. d4 cxd4 4. Nxd4 Nf6 5. Nc3 e5 6. Ndb5 d6 7. Bg5 a6 8. Na3 Be6 9. Nc4 Rc8 10. Bxf6 Qxf6 11. Nb6 Rb8 12. Nbd5 Qg6 13. Qd3 Be7 14. O-O-O Bd8 15. Kb1 O-O 16. Ne3 Nd4 17. Ne2 Bb6 18. Nxd4 Bxd4 19. c3 Bxe3 20. Qxe3 d5 21. Bd3 dxe4 22. Bxe4 Bf5 23. Bxf5 Qxf5+ 24. Kc1 b5 25. Rd5 f6 26. Rhd1 b4 27. c4 Qg4 28. b3 Qxg2 29. Qg3 Qxg3 30. hxg3 Rb6 31. Kd2 Kf7 32. Rd7+ Kg6 33. Ke2 h5 34. Rc7 Rf7 35. Rdd7 Rxd7 36. Rxd7 Rc6 37. Rb7 a5 38. Rb5 Ra6 39. Ke3 Kf5 40. Rb7 g5 41. c5 h4 42. gxh4 gxh4 43. Rb6 Ra8 44. Kf3 Rg8 45. Rb7 e4+ 46. Ke3 Rh8 47. Rd7 h3 48. Rd1 h2 49. Rh1 Ke5 50. c6 Rh3+ 51. Ke2 Kd6 52. Kf1 Kxc6 53. Kg2 Rh6 54. Rc1+ Kd5 55. Kh1 f5 56. Rc8 Kd4 57. Ra8 f4 58. Re8 Rh5 59. Rf8 Rh4 60. Re8 Kd3 61. Re7 e3 62. fxe3 fxe3 63. Rd7+ Rd4 64. Re7 e2 65. Kxh2 Re4 66. Rd7+ Ke3 67. Kg2 e1=Q 0-1

[Event "Montreal op"]
[Site "Montreal CAN"]
[Date "2011.09.11"]
[Round "5.14"]
[White "Zhu, Hong Rui"]
[Black "Pottinger, Carl"]
[Result "1-0"]
[WhiteElo "1959"]
[BlackElo "2001"]
[PlyCount "88"]
[GameId "2160767909648457"]
[EventDate "2011.09.09"]
[EventType "swiss"]
[EventRounds "5"]
[EventCountry "CAN"]
[SourceTitle "EXT 2022"]
[Source "ChessBase"]
[SourceDate "2021.10.06"]
[SourceVersion "1"]
[SourceVersionDate "2021.10.06"]
[SourceQuality "1"]

1. e4 c5 2. Nf3 d6 3. d4 cxd4 4. Nxd4 Nf6 5. f3 g6 6. c4 Bg7 7. Nc3 O-O 8. Be3 Nc6 9. Be2 Nxd4 10. Bxd4 Be6 11. O-O Qa5 12. Kh1 Rfc8 13. b3 Nd7 14. Nd5 Bxd5 15. exd5 Nf6 16. Re1 a6 17. Bd3 Rc7 18. Re2 b5 19. Qe1 Qxe1+ 20. Raxe1 bxc4 21. bxc4 Kf8 22. Rb1 Rac8 23. a3 Nh5 24. Bxg7+ Nxg7 25. g4 e6 26. Rb6 exd5 27. cxd5 Rd8 28. Bxa6 Ne8 29. Bb5 Nf6 30. Bc6 Ng8 31. a4 Ne7 32. a5 Nxc6 33. dxc6 Rdc8 34. Rc2 Ke7 35. Kg2 d5 36. Kf2 Kd6 37. a6 Ra8 38. g5 Raa7 39. Ke3 Ra8 40. Kd4 Raa7 41. Rc5 Rc8 42. Rxd5+ Kc7 43. Rb7+ Rxb7 44. axb7 Re8 1-0

[Event "Montreal op"]
[Site "Montreal CAN"]
[Date "2011.09.11"]
[Round "5.15"]
[White "Luo, Zhao Yang"]
[Black "Hirth, Julien"]
[Result "1/2-1/2"]
[WhiteElo "1935"]
[BlackElo "2103"]
[PlyCount "42"]
[GameId "2160767909648458"]
[EventDate "2011.09.09"]
[EventType "swiss"]
[EventRounds "5"]
[EventCountry "CAN"]
[SourceTitle "EXT 2022"]
[Source "ChessBase"]
[SourceDate "2021.10.06"]
[SourceVersion "1"]
[SourceVersionDate "2021.10.06"]
[SourceQuality "1"]

1. d4 f5 2. Nf3 Nf6 3. g3 g6 4. Bg2 Bg7 5. O-O O-O 6. c4 d6 7. Nc3 Qe8 8. Qb3 Kh8 9. Bg5 Na6 10. Bxf6 Bxf6 11. e4 fxe4 12. Nxe4 Bg7 13. Rfe1 h6 14. Rad1 Qf7 15. Rd2 Rb8 16. Rde2 c6 17. Ned2 Bf6 18. Ne4 Bg7 19. Ned2 Bf6 20. Ne4 Bg7 21. Ned2 Bf6 1/2-1/2

[Event "Montreal op"]
[Site "Montreal CAN"]
[Date "2011.09.11"]
[Round "5.16"]
[White "Libersan, Thierry"]
[Black "Auger, Bertrand"]
[Result "1-0"]
[WhiteElo "2066"]
[BlackElo "1948"]
[PlyCount "83"]
[GameId "2160767909648459"]
[EventDate "2011.09.09"]
[EventType "swiss"]
[EventRounds "5"]
[EventCountry "CAN"]
[SourceTitle "EXT 2022"]
[Source "ChessBase"]
[SourceDate "2021.10.06"]
[SourceVersion "1"]
[SourceVersionDate "2021.10.06"]
[SourceQuality "1"]

1. e4 e6 2. d4 d5 3. Nd2 c5 4. exd5 exd5 5. Ngf3 Nf6 6. Be2 Nc6 7. O-O Bg4 8. h3 Bh5 9. Re1 Be7 10. dxc5 O-O 11. Nb3 Ne4 12. Be3 f5 13. Nfd4 Bxe2 14. Qxe2 Qd7 15. Nxc6 bxc6 16. f3 Ng3 17. Qd2 h6 18. Bf4 Nh5 19. Rxe7 Qxe7 20. Bd6 Qf6 21. Bxf8 Rxf8 22. c3 Re8 23. Re1 Rxe1+ 24. Qxe1 Qg6 25. Kh2 f4 26. Nd4 Kh7 27. Qf2 Ng3 28. Qc2 Ne4 29. Ne2 Nxc5 30. Qxg6+ Kxg6 31. Nxf4+ Kg5 32. Ne2 Nd3 33. b4 a6 34. Kg3 c5 35. bxc5 Nxc5 36. Nf4 h5 37. h4+ Kf5 38. Nxh5 Ne6 39. Kf2 g6 40. Ng3+ Ke5 41. Ne2 Nc5 42. Ke3 1-0

[Event "Montreal op"]
[Site "Montreal CAN"]
[Date "2011.09.11"]
[Round "5.17"]
[White "Roy, Myriam"]
[Black "Seguin, Rene"]
[Result "1/2-1/2"]
[WhiteElo "1957"]
[BlackElo "1949"]
[PlyCount "63"]
[GameId "2160767909648460"]
[EventDate "2011.09.09"]
[EventType "swiss"]
[EventRounds "5"]
[EventCountry "CAN"]
[SourceTitle "EXT 2022"]
[Source "ChessBase"]
[SourceDate "2021.10.06"]
[SourceVersion "1"]
[SourceVersionDate "2021.10.06"]
[SourceQuality "1"]

1. e4 c5 2. Nf3 e6 3. d4 cxd4 4. Nxd4 Nf6 5. Nc3 d6 6. Be2 Be7 7. O-O O-O 8. f4 a6 9. Bf3 Qc7 10. Be3 Nc6 11. a4 Na5 12. Kh1 Nc4 13. Bc1 e5 14. Nf5 Bxf5 15. exf5 exf4 16. Bxf4 Ne5 17. Qe1 Nxf3 18. Rxf3 Rfe8 19. Bg5 h6 20. Bd2 d5 21. Qf2 Rad8 22. Rg3 Kh7 23. Qf3 d4 24. Ne4 Nxe4 25. Qxe4 Bf6 26. Qd3 Qe5 27. Qb3 Qd5 28. h3 Qxb3 29. Rxb3 Re2 30. Rd1 Rd7 31. Kg1 Rde7 32. Rf3 1/2-1/2

[Event "Montreal op"]
[Site "Montreal CAN"]
[Date "2011.09.11"]
[Round "5.18"]
[White "Desjardins, Michel"]
[Black "Sasseville, Jean"]
[Result "1/2-1/2"]
[WhiteElo "1986"]
[BlackElo "1989"]
[PlyCount "98"]
[GameId "2160767909648461"]
[EventDate "2011.09.09"]
[EventType "swiss"]
[EventRounds "5"]
[EventCountry "CAN"]
[SourceTitle "EXT 2022"]
[Source "ChessBase"]
[SourceDate "2021.10.06"]
[SourceVersion "1"]
[SourceVersionDate "2021.10.06"]
[SourceQuality "1"]

1. e4 c6 2. d4 d5 3. e5 Bf5 4. h4 h5 5. c4 e6 6. Nc3 Ne7 7. Nf3 Nd7 8. cxd5 Nxd5 9. Nxd5 cxd5 10. Bd3 Bg4 11. Be2 Be7 12. Be3 Rc8 13. a3 g6 14. g3 O-O 15. Bd2 Nb6 16. Ba5 Qc7 17. Bc3 Qd7 18. Qb3 Qa4 19. Qd1 Rc7 20. O-O Qxd1 21. Bxd1 Rfc8 22. Kg2 Nc4 23. a4 b6 24. Bb3 a5 25. Nd2 Bb4 26. Nxc4 dxc4 27. Bc2 Bf8 28. Rfc1 Rd7 29. Be4 Bh6 30. f4 Bf8 31. Kf2 Bf5 32. Kf3 Bb4 33. Ke3 Kf8 34. Kf3 Ke7 35. Ke3 Rcc7 36. Kf3 Bxe4+ 37. Kxe4 Rd5 38. Rcb1 b5 39. Ke3 Rb7 40. Rc1 bxa4 41. Rxa4 Bxc3 42. bxc3 Rb2 43. Rxc4 Rg2 44. Kf3 Rd2 45. Rb1 Rd7 46. Ra1 Ra7 47. Ra3 Rd3+ 48. Kf2 Kd7 49. Rc5 Ke7 1/2-1/2

[Event "Montreal op"]
[Site "Montreal CAN"]
[Date "2011.09.11"]
[Round "5.19"]
[White "Cvetkovic, Simeon"]
[Black "Khashper, Arkady"]
[Result "0-1"]
[WhiteElo "2065"]
[BlackElo "2115"]
[PlyCount "60"]
[GameId "2160767909648462"]
[EventDate "2011.09.09"]
[EventType "swiss"]
[EventRounds "5"]
[EventCountry "CAN"]
[SourceTitle "EXT 2022"]
[Source "ChessBase"]
[SourceDate "2021.10.06"]
[SourceVersion "1"]
[SourceVersionDate "2021.10.06"]
[SourceQuality "1"]

1. e4 e6 2. d3 d5 3. Nd2 Nf6 4. e5 Nfd7 5. f4 c5 6. Ngf3 Nc6 7. g3 f6 8. exf6 Nxf6 9. Bg2 Bd6 10. O-O O-O 11. Re1 Qb6 12. c3 Ng4 13. Qe2 Kh8 14. Ng5 e5 15. Ndf3 c4+ 16. d4 exd4 17. cxd4 Nxd4 18. Nxd4 Qxd4+ 19. Kh1 Nf2+ 20. Kg1 Nh3+ 21. Kh1 Nf2+ 22. Kg1 Nh3+ 23. Kh1 Nxg5 24. Be3 Qd3 25. Qxd3 cxd3 26. fxg5 Bg4 27. a3 Be5 28. Ra2 Rac8 29. Bxd5 Rc2 30. b4 Bf3+ 0-1

[Event "Montreal op U1200"]
[Site "Montreal CAN"]
[Date "2011.09.11"]
[Round "4"]
[White "Hellebaut, Jean-Pierre"]
[Black "Baril, Andre"]
[Result "1-0"]
[WhiteElo "1135"]
[BlackElo "993"]
[PlyCount "105"]
[GameId "2160767909648466"]
[EventDate "2011.09.09"]
[EventType "swiss"]
[EventRounds "5"]
[EventCountry "CAN"]

1. d4 d5 2. c4 dxc4 3. Nc3 Nf6 4. e4 e6 5. Bxc4 a6 6. a3 Be7 7. Nf3 O-O 8. O-O h6 9. e5 Nd5 10. Bd2 Kh8 11. Qc1 g5 12. h3 Rg8 13. Nh2 Nb6 14. Be2 Qxd4 15. Ng4 h5 16. Be3 Qd8 17. Nh2 h4 18. Ng4 Nc6 19. Rd1 Nd5 20. Ne4 Qf8 21. Bxg5 Bxg5 22. Nxg5 Qg7 23. Nf3 Nce7 24. Qh6+ Qh7 25. Qxh7+ Kxh7 26. Bd3+ Kg7 27. Nxh4 Nf4 28. Be4 Rb8 29. Kf1 b6 30. Rac1 c5 31. Nf3 a5 32. Nd2 Ba6+ 33. Nc4 Rgd8 34. Nge3 Nfd5 35. Ke1 Bxc4 36. Nxc4 Rh8 37. Rd3 Rh4 38. Rg3+ Kf8 39. Rg4 Rh5 40. Bf3 Rh6 41. Rd1 a4 42. Nd6 Rd8 43. Rxa4 Nc6 44. Bxd5 exd5 45. f4 d4 46. Rc4 f6 47. b4 fxe5 48. bxc5 bxc5 49. Nb7 Rb8 50. Nxc5 exf4 51. Nd7+ Ke8 52. Nxb8 Nxb8 53. Rc8+ 1-0

[Event "Montreal op U1200"]
[Site "Montreal CAN"]
[Date "2011.09.11"]
[Round "5"]
[White "Hellebaut, Jean-Pierre"]
[Black "Lai, William"]
[Result "1-0"]
[WhiteElo "1135"]
[BlackElo "1106"]
[PlyCount "141"]
[GameId "2160767909648467"]
[EventDate "2011.09.09"]
[EventType "swiss"]
[EventRounds "5"]
[EventCountry "CAN"]

1. d4 g6 2. e4 Bg7 3. Nf3 d6 4. Nc3 Nd7 5. Bf4 e5 6. Bg5 f6 7. Be3 Nh6 8. h3 Nb6 9. d5 O-O 10. Qd2 Nf7 11. Nh2 f5 12. f3 f4 13. Bf2 Bf6 14. O-O-O Qe8 15. Kb1 Na4 16. Nxa4 Qxa4 17. b3 Qd7 18. Ng4 Bg7 19. h4 h6 20. Be2 c6 21. g3 cxd5 22. Qxd5 b6 23. Bb5 Qc7 24. Qc6 Qxc6 25. Bxc6 Rb8 26. Bd5 Bxg4 27. fxg4 Rfd8 28. Rd3 Rbc8 29. Rhd1 Bf8 30. Be1 fxg3 31. Rxg3 Be7 32. Rf3 Rf8 33. Bd2 Kg7 34. Rdf1 Nh8 35. h5 Rxf3 36. Rxf3 Rf8 37. Rxf8 Bxf8 38. Kb2 gxh5 39. gxh5 Nf7 40. Bxf7 Kxf7 41. c4 Kg7 42. Kc2 Be7 43. Kd3 Bg5 44. Bb4 Be7 45. Ke2 Kf6 46. Bd2 Bf8 47. Kf3 a5 48. Kg4 Ke6 49. Be3 Kd7 50. Bxb6 Kc6 51. Bxa5 Kc5 52. Bc3 Be7 53. a4 Bg5 54. a5 Be3 55. Kf5 Bd4 56. Bd2 Bb2 57. Bxh6 Bc3 58. a6 Kb6 59. Bf8 Kxa6 60. Bxd6 Ka5 61. h6 Bb4 62. Kxe5 Bc3+ 63. Kd5 Bb2 64. e5 Kb6 65. h7 Bc3 66. h8=Q Ka6 67. Qc8+ Kb6 68. Qc6+ Ka7 69. Qb5 Bd4 70. Kc6 Bb6 71. Qa4+ 1-0

[Event "Montreal op U2000"]
[Site "Montreal CAN"]
[Date "2011.09.09"]
[Round "1"]
[White "Baril Boudreau, Felix"]
[Black "Chang, Michael"]
[Result "0-1"]
[WhiteElo "1525"]
[BlackElo "1779"]
[PlyCount "134"]
[GameId "2160767909648469"]
[EventDate "2011.09.09"]
[EventType "swiss"]
[EventRounds "5"]
[EventCountry "CAN"]
[SourceTitle "EXT 2022"]
[Source "ChessBase"]
[SourceDate "2021.10.06"]
[SourceVersion "1"]
[SourceVersionDate "2021.10.06"]
[SourceQuality "1"]

1. e4 c6 2. d4 d5 3. exd5 cxd5 4. c4 Nc6 5. Nc3 Nf6 6. Nf3 e6 7. c5 Be7 8. Bb5 O-O 9. O-O Ne4 10. Nxe4 dxe4 11. Bxc6 bxc6 12. Ne5 Qd5 13. b4 Bf6 14. Bb2 Ba6 15. Re1 Bxe5 16. dxe5 Qc4 17. Qd4 Qxd4 18. Bxd4 Rab8 19. a3 Bd3 20. f3 Rfd8 21. Bc3 exf3 22. gxf3 Rd5 23. Kf2 Bc4 24. Re4 Bb3 25. f4 Rbd8 26. Rae1 h6 27. h4 Kh7 28. Kg3 Kg6 29. R4e3 Kf5 30. Bb2 Rd3 31. Bc3 Bc4 32. a4 a6 33. Kf3 h5 34. Kg3 Rxe3+ 35. Rxe3 Rh8 36. Bd2 Rh6 37. Re1 Rg6+ 38. Kh3 Bd5 39. Rb1 Rg2 40. Be3 Ra2 41. Rg1 g6 42. a5 Rb2 43. Kg3 Rxb4 44. Ra1 Rb2 45. Ra4 Rb3 46. Kf2 Rb2+ 47. Kg3 Rg2+ 48. Kh3 Re2 49. Ra3 Ke4 50. Bc1 Kd4 51. Rg3 Kxc5 52. Be3+ Kb5 53. Bb6 c5 54. Rc3 c4 55. Kg3 Kb4 56. Re3 Rg2+ 57. Kh3 c3 58. Bd4 c2 59. Bc3+ Kc4 60. Bb2 Rd2 61. Kg3 Rg2+ 62. Kh3 Rg4 63. Rc3+ Kb4 64. Rxc2 Rxf4 65. Bc3+ Kb3 66. Bd2 Rf3+ 67. Kg2 Kxc2 0-1

[Event "Montreal op U2000"]
[Site "Montreal CAN"]
[Date "2011.09.09"]
[Round "1"]
[White "Barko, Maxim"]
[Black "Fiouzi, Chahin"]
[Result "0-1"]
[WhiteElo "1774"]
[BlackElo "1464"]
[PlyCount "53"]
[GameId "2160767909648470"]
[EventDate "2011.09.09"]
[EventType "swiss"]
[EventRounds "5"]
[EventCountry "CAN"]
[SourceTitle "EXT 2022"]
[Source "ChessBase"]
[SourceDate "2021.10.06"]
[SourceVersion "1"]
[SourceVersionDate "2021.10.06"]
[SourceQuality "1"]

1. d4 g6 2. e4 Bg7 3. f4 e6 4. Nf3 c5 5. c3 cxd4 6. cxd4 Qb6 7. b3 Nf6 8. Nbd2 d5 9. e5 Ng4 10. Nb1 Nc6 11. Na3 a6 12. Nc2 O-O 13. h3 Nh6 14. g4 Kh8 15. Ba3 Rd8 16. Bd3 Bf8 17. Bxf8 Rxf8 18. Qd2 Kg7 19. h4 Nxg4 20. h5 Nh6 21. hxg6 hxg6 22. f5 Ng4 23. f6+ Nxf6 24. exf6+ Kxf6 25. Qg5+ Kg7 26. Rh6 Ne7 27. Qxe7 0-1

[Event "Montreal op U2000"]
[Site "Montreal CAN"]
[Date "2011.09.09"]
[Round "1"]
[White "Bedard, Michel"]
[Black "Cardin, Guillaume"]
[Result "0-1"]
[WhiteElo "1722"]
[BlackElo "1947"]
[PlyCount "62"]
[GameId "2160767909648471"]
[EventDate "2011.09.09"]
[EventType "swiss"]
[EventRounds "5"]
[EventCountry "CAN"]
[SourceTitle "EXT 2022"]
[Source "ChessBase"]
[SourceDate "2021.10.06"]
[SourceVersion "1"]
[SourceVersionDate "2021.10.06"]
[SourceQuality "1"]

1. d4 f5 2. g3 Nf6 3. Bg2 e6 4. c4 d5 5. cxd5 exd5 6. Bg5 c6 7. Bxf6 Qxf6 8. e3 Bd6 9. Ne2 O-O 10. Nbc3 Nd7 11. O-O Qh6 12. Nf4 Nf6 13. h3 g5 14. Nd3 f4 15. g4 Bxg4 16. f3 Bxh3 17. exf4 gxf4 18. Rf2 Kh8 19. Ne5 Bxe5 20. dxe5 Bxg2 21. Rxg2 Nh5 22. Qd4 Ng3 23. Rh2 Qg7 24. Kf2 Qg5 25. Rg1 Qf5 26. e6+ Qf6 27. Qxf6+ Rxf6 28. Ne2 Nxe2 29. Rgh1 h6 30. Kxe2 Rxe6+ 31. Kf2 Kh7 0-1

[Event "Montreal op U2000"]
[Site "Montreal CAN"]
[Date "2011.09.09"]
[Round "1"]
[White "Blanchette, Rene"]
[Black "Wan, Kevin"]
[Result "1/2-1/2"]
[WhiteElo "1592"]
[BlackElo "1806"]
[PlyCount "126"]
[GameId "2160767909648472"]
[EventDate "2011.09.09"]
[EventType "swiss"]
[EventRounds "5"]
[EventCountry "CAN"]
[SourceTitle "EXT 2022"]
[Source "ChessBase"]
[SourceDate "2021.10.06"]
[SourceVersion "1"]
[SourceVersionDate "2021.10.06"]
[SourceQuality "1"]

1. Nf3 Nf6 2. b3 d5 3. Bb2 e6 4. e3 b6 5. Be2 Bb7 6. O-O Nbd7 7. d4 Bd6 8. c4 O-O 9. Nc3 c5 10. cxd5 Nxd5 11. Nxd5 Bxd5 12. dxc5 Bxc5 13. a3 Qe7 14. b4 Bd6 15. Qd4 f5 16. Rfd1 Rfd8 17. Rac1 Nf6 18. Ne5 Rac8 19. Rxc8 Rxc8 20. f3 Bxe5 21. Qxe5 Qc7 22. Ba6 Qxe5 23. Bxe5 Rc2 24. Bb8 Nd7 25. Bxa7 Rc7 26. e4 Bb3 27. Bb8 Nxb8 28. Rd8+ Kf7 29. Rxb8 fxe4 30. fxe4 Rc6 31. Bb5 Rd6 32. Kf2 e5 33. Rb7+ Kf6 34. Ke3 h6 35. Rc7 Re6 36. Bd7 Rd6 37. Rc6 Ke7 38. Rxd6 Kxd6 39. Bb5 Kc7 40. Kd2 Bf7 41. Kc3 Bg6 42. Kd3 Bf7 43. Bc4 Be8 44. Bd5 b5 45. Ke3 Kd6 46. Kf2 Ke7 47. Kg3 Kf6 48. h4 Ke7 49. Kg4 Kf6 50. g3 Bd7+ 51. Kf3 Be8 52. g4 g5 53. Kg3 Ke7 54. Bg8 Bc6 55. Bh7 Kf6 56. Bf5 Ke7 57. hxg5 hxg5 58. Kf3 Kd6 59. Ke3 Kc7 60. Kd3 Kb6 61. Kc3 Be8 62. Be6 Bc6 63. Bf5 Be8 1/2-1/2

[Event "Montreal op U2000"]
[Site "Montreal CAN"]
[Date "2011.09.09"]
[Round "1"]
[White "Boudkeev, Timour"]
[Black "Mathieu, Guillaume"]
[Result "0-1"]
[WhiteElo "1849"]
[BlackElo "1613"]
[PlyCount "52"]
[GameId "2160767909648473"]
[EventDate "2011.09.09"]
[EventType "swiss"]
[EventRounds "5"]
[EventCountry "CAN"]
[SourceTitle "EXT 2022"]
[Source "ChessBase"]
[SourceDate "2021.10.06"]
[SourceVersion "1"]
[SourceVersionDate "2021.10.06"]
[SourceQuality "1"]

1. d4 Nf6 2. c4 g6 3. Nc3 Bg7 4. Nf3 O-O 5. e3 c5 6. Be2 d5 7. dxc5 Qa5 8. O-O dxc4 9. Bxc4 Qxc5 10. Qb3 Nc6 11. Bd2 Bg4 12. Be2 Rad8 13. Na4 Qh5 14. Rad1 Ne5 15. Qxb7 Rd7 16. Qb3 Nxf3+ 17. gxf3 Bxf3 18. Bxf3 Qxf3 19. Ba5 Qg4+ 20. Kh1 Qe4+ 21. Kg1 Rb7 22. Qa3 Qg4+ 23. Kh1 Qf3+ 24. Kg1 Rb5 25. Bc7 Rh5 26. Qxe7 Qg4+ 0-1

[Event "Montreal op U2000"]
[Site "Montreal CAN"]
[Date "2011.09.09"]
[Round "1"]
[White "Corrigan, Michael"]
[Black "Paduano, Gennaro"]
[Result "1/2-1/2"]
[WhiteElo "1730"]
[BlackElo "1956"]
[PlyCount "72"]
[GameId "2160767909648474"]
[EventDate "2011.09.09"]
[EventType "swiss"]
[EventRounds "5"]
[EventCountry "CAN"]
[SourceTitle "EXT 2022"]
[Source "ChessBase"]
[SourceDate "2021.10.06"]
[SourceVersion "1"]
[SourceVersionDate "2021.10.06"]
[SourceQuality "1"]

1. d4 Nf6 2. Nc3 c5 3. d5 e5 4. e4 d6 5. Be2 Be7 6. Nf3 O-O 7. O-O h6 8. a4 Na6 9. Bxa6 bxa6 10. Ne1 Rb8 11. Qe2 Nd7 12. b3 Bg5 13. Nd1 f5 14. exf5 Bxc1 15. Rxc1 Rxf5 16. Ne3 Rf7 17. Nc4 Qf6 18. Rd1 Nb6 19. Na5 Na8 20. f3 Rb6 21. Nd3 Nc7 22. Nf2 Bf5 23. Nc4 Rb8 24. Ne4 Bxe4 25. fxe4 Qg6 26. Rxf7 Kxf7 27. Rf1+ Ke7 28. Na5 Rf8 29. Nc6+ Ke8 30. Rxf8+ Kxf8 31. Qf3+ Ke8 32. Nxa7 Qg5 33. Qe2 Qc1+ 34. Kf2 Qf4+ 35. Kg1 Qc1+ 36. Kf2 Qf4+ 1/2-1/2

[Event "Montreal op U2000"]
[Site "Montreal CAN"]
[Date "2011.09.09"]
[Round "1"]
[White "Cote-Lalumiere, Tristan"]
[Black "Mireault, Sylvain"]
[Result "0-1"]
[WhiteElo "1911"]
[BlackElo "1674"]
[PlyCount "52"]
[GameId "2160767909648475"]
[EventDate "2011.09.09"]
[EventType "swiss"]
[EventRounds "5"]
[EventCountry "CAN"]
[SourceTitle "EXT 2022"]
[Source "ChessBase"]
[SourceDate "2021.10.06"]
[SourceVersion "1"]
[SourceVersionDate "2021.10.06"]
[SourceQuality "1"]

1. e4 d6 2. d4 g6 3. Nc3 Bg7 4. Be3 Nf6 5. f3 O-O 6. Bc4 e5 7. Nge2 Nc6 8. Qd2 Na5 9. Bb3 Nxb3 10. axb3 exd4 11. Nxd4 d5 12. Ndb5 c6 13. Nxa7 d4 14. e5 dxe3 15. Qxd8 Rxd8 16. exf6 Bxf6 17. Ke2 Bf5 18. Ne4 Bxe4 19. fxe4 Bd4 20. Rhd1 Bb6 21. Rxd8+ Rxd8 22. Ra3 Rd2+ 23. Ke1 Rxg2 24. Nc8 Bc5 25. Ra4 b5 26. Ra6 Rxc2 0-1

[Event "Montreal op U2000"]
[Site "Montreal CAN"]
[Date "2011.09.09"]
[Round "1"]
[White "Dion, Etienne"]
[Black "Goldner, John"]
[Result "1-0"]
[WhiteElo "1878"]
[BlackElo "1643"]
[PlyCount "75"]
[GameId "2160767909648476"]
[EventDate "2011.09.09"]
[EventType "swiss"]
[EventRounds "5"]
[EventCountry "CAN"]
[SourceTitle "EXT 2022"]
[Source "ChessBase"]
[SourceDate "2021.10.06"]
[SourceVersion "1"]
[SourceVersionDate "2021.10.06"]
[SourceQuality "1"]

1. e4 e5 2. Nf3 Nc6 3. Bc4 Nf6 4. d3 Be7 5. Bb3 O-O 6. c3 d6 7. Nbd2 Qe8 8. Nf1 Nd8 9. Ng3 Kh8 10. Qe2 Ng4 11. h3 Nxf2 12. Kxf2 f5 13. exf5 Bxf5 14. Nxf5 Rxf5 15. Rf1 c6 16. Kg1 d5 17. Bd2 a5 18. Rae1 a4 19. Bc2 Nf7 20. d4 e4 21. Bxe4 dxe4 22. Qxe4 Nd6 23. Qxe7 Qxe7 24. Rxe7 Rb5 25. Bc1 Nc4 26. Rfe1 Rf8 27. R1e2 h6 28. Ne5 Nxe5 29. R2xe5 Rb6 30. Ra5 c5 31. Rxa4 Rbf6 32. Be3 Rf1+ 33. Kh2 Rb1 34. Rxb7 h5 35. dxc5 Re8 36. Bd4 Kh7 37. Rxg7+ Kh6 38. Ra6+ 1-0